000 00521nam a2200157 a 4500
001 000046040
005 20201002052610.0
008 150612s2011 dr 000 0 spa d
020 _a9789945473919
040 _aDO-SdBNP
_bspa
_cBNPHU
100 1 _aCastillo de la Cruz, Jit Manuel
_d1974-
_974115
245 1 0 _aApócrifo de Judas Izcariote. /
_cJit Manuel Castillo de la Cruz.
260 _aSanto Domingo, :
_bSantuario,
_c2011.
300 _a203 p. ;
_c23 cm.
500 _aIncluye datos biográficos del autor en la solapa.
999 _c45529
_d45529